| 000 | nam a22 a 4500 | ||
|---|---|---|---|
| 999 |
_c59276 _d59276 |
||
| 003 | BLK | ||
| 005 | 20221109114432.0 | ||
| 008 | 180408b bul|||||r ||||||| ||bul|| | ||
| 010 | _aKNG00063364000 | ||
| 040 | _aBLK | ||
| 041 |
_aBUL _cBUL |
||
| 080 |
_aМатематика _b51 _x(075.3) _z51(075.3) |
||
| 100 | 1 |
_aДавидов, Л. _eпърви автор _9288857 |
|
| 139 |
_aМатематически конкурси _bМ 39 |
||
| 245 | 1 | 0 |
_aМатематически конкурси _bСб. задачи за мат. олимпиади _cЛ. Давидов |
| 257 | _aBGR | ||
| 260 |
_aСофия _bНар. просв. _c1977 |
||
| 300 |
_a307 с. _c22 см |
||
| 380 | _a5 | ||
| 650 | 4 |
_aМатематика - задачи _9285947 |
|
| 653 | _aматематика | ||
| 653 | _aконкурси | ||
| 653 | _aзадачи | ||
| 852 |
_aЦб 90069 _bЦб |
||
| 856 | 4 |
_qpdf _i0.00 _ldisable |
|
| 942 |
_cKNG _n0 _s1 |
||
| 944 |
_aCR _c13.06.2004 _kЧиталня |
||
| 944 |
_aED _c27.08.2015 _kВаля_Йорданова |
||